| 000 | 01081cam a22001571 4500 | ||
|---|---|---|---|
| 082 |
_a962 _bALF |
||
| 100 | 1 |
_aAlford, Henry Stamford Lewis, _949981 |
|
| 245 | 0 | 4 |
_aThe Egyptian Soudan, its loss and its recovery. _cBy Henry S. L. Alford and W. Dennistoun Sword. With numerous portraits, illustrations and maps, and records of the services of the officers (1896-8), etc. |
| 260 |
_aLondon, _aNew York, _bMacmillan and co., limited, _c1898. |
||
| 300 |
_axiv p., 1 l., 336 p. incl. tables. _bfront., plates, ports., maps (part fold.) plans (part fold.) _c23 cm. |
||
| 505 | 0 | _aThe Soudan prior to its recapture.--The Dongola expedition, 1896.--The operations of 1897.--The Nile expedition, 1898.--Appendices: I. Organisation of the Dongola expeditionary force, 1896, and the Nile expeditionary force, 1898. II. Roll of British officers, warrant officers, non-commissioned officers and men who lost their lives in the campaign on the Nile (1896-8) | |
| 526 |
_a0 _b0 _c0 _d962_000000000000000_ALF |
||
| 650 |
_aMCE _9379 |
||
| 700 | 1 |
_aSword, William Dennistoun, _949982 |
|
| 942 |
_2ddc _cBK |
||
| 999 |
_c552721 _d552721 |
||